Hometown- Twenty One Pilots Lyrics Quiz - Statistics

General Stats
  • This quiz has been taken 30 times
  • The average score is 198 of 240
Answer Stats
Hint Answer % Correct
X2 I
100%
dark
94%
home
94%
hometown's
94%
in
94%
one
94%
our
94%
the
94%
from
89%
go
89%
it
89%
My
89%
my
89%
no
89%
quietly
89%
there's
89%
to
89%
we
89%
we're
89%
[Chorus] Where
89%
where
89%
are
83%
shadow
83%
soul
83%
sun
83%
waiting
83%
when
83%
and
78%
[Verse 1] be
78%
bring
78%
its
78%
know
78%
let
78%
make
78%
me
78%
spirits
78%
take
78%
will
78%
you
78%
don't
72%
fire
72%
show
72%
wind
72%
back
67%
bones
67%
can
67%
head
67%
tilts
67%
at
61%
how
61%
[Verse 2] put
61%
say
61%
was
61%
your
61%
away
56%
believe
56%
find
56%
grow
56%
power
56%
undone
56%
what
56%
you'll
56%
all
50%
once
50%
today
50%
father
44%
traditions
44%
gods
39%
served
39%
No matching quizzes found
Score Distribution
Percent of People with Each Score
Percentile by Number Answered
Your Score History
You have not taken this quiz